000 00437nam a2200169Ia 4500
005 20250428015500.0
008 240331s9999 xx 000 0 und d
020 _a9555512833
082 _bMAH
_a891
100 _aMahingoda,P
245 0 _aAnn 2 :
_barabe gedara ann
250 _a2nd
260 _aColombo
_bDayawansa Jayakody & Company
_c2004
300 _a271 p ., ( P - 2)
500 _aTranslation of Anne of Avonlea
942 _cL
999 _c4828
_d4828